|
|
|
|
| LEADER |
00000cam a2200000 7i4500 |
| 001 |
0000003074 |
| 005 |
20151222.0 |
| 008 |
070717 |
| 020 |
|
|
|a 9832666740(set)
|
| 020 |
|
|
|a 9832666791
|
| 090 |
0 |
0 |
|a JF
|b ENG
|
| 100 |
0 |
|
|a Fatiqa Oky
|
| 245 |
1 |
0 |
|a The evil witch
|c Fatiqa Oky,P.L Ooi
|
| 260 |
|
|
|a Selangor :
|b Penerbit Idaman ,
|c 2005
|
| 440 |
|
|
|a Tales for pleasure
|
| 500 |
|
|
|a Children ages 10-12 years old (pink)
|
| 650 |
|
0 |
|a English fiction
|
| 700 |
0 |
|
|a P.L Ooi
|
| 710 |
0 |
|
|a Title
|
| 999 |
|
|
|a 0000910148
|b Book
|c Teenagers
|e Cawangan Bandar Tenggara
|
| 999 |
|
|
|a 0000964816
|b Book
|c Children Collection
|e Cawangan Tangkak
|
| 999 |
|
|
|a 0000964817
|b Book
|c Children Collection
|e Cawangan Muar
|
| 999 |
|
|
|a 0000964818
|b Book
|c Children Collection
|e Cawangan Taman Universiti
|
| 999 |
|
|
|a 0000972882
|b Book
|c Children Collection
|e Cawangan Pontian
|